Macleod's clinical examination. (13th ed.) (Record no. 76966)

MARC details
000 -LEADER
fixed length control field 01744nam a2200277 a 4500
008 - FIXED-LENGTH DATA ELEMENTS--GENERAL INFORMATION
fixed length control field 150204s2013 ||||||||||||||||| || u
020 ## - INTERNATIONAL STANDARD BOOK NUMBER
International Standard Book Number 9780702047299
050 ## - LIBRARY OF CONGRESS CALL NUMBER
Classification number RC 76 Mac
100 ## - MAIN ENTRY--PERSONAL NAME
Personal name Robertson, Colin
245 10 - TITLE STATEMENT
Title Macleod's clinical examination. (13th ed.)
Statement of responsibility, etc. Edited by Graham Douglas, Fiona Nicol [and] Colin Robertson
250 ## - EDITION STATEMENT
Edition statement 13th ed.
260 ## - PUBLICATION, DISTRIBUTION, ETC.
Place of publication, distribution, etc. Edinburgh
Name of publisher, distributor, etc. Churchill Livingstone/Elsevier
Date of publication, distribution, etc. 2013
300 ## - PHYSICAL DESCRIPTION
Extent xvii, 451p.: ill.
350 ## -
-- 68.95
650 ## - SUBJECT ADDED ENTRY--TOPICAL TERM
Topical term or geographic name entry element MEDICAL HISTORY TAKING
650 #0 - SUBJECT ADDED ENTRY--TOPICAL TERM
Topical term or geographic name entry element PHYSICAL DIAGNOSIS
650 ## - SUBJECT ADDED ENTRY--TOPICAL TERM
Topical term or geographic name entry element PHYSICAL EXAMINATION
700 ## - ADDED ENTRY--PERSONAL NAME
Personal name Nicol, Fiona
700 ## - ADDED ENTRY--PERSONAL NAME
Personal name Douglas, Graham
995 ## -
-- MEDICAL LIBRARY OPEN ACCESS
-- 903164
-- CBU-SCHOOL OF MEDICINE LIBRARY (Ndola)
-- 68.95
-- RC 76 Mac
-- 6
-- AVAILABLE
-- Sep 17, 2015
-- 903164
-- Medical Library Open Access Collection
995 ## -
-- MEDICAL LIBRARY OPEN ACCESS
-- 902589
-- CBU-SCHOOL OF MEDICINE LIBRARY (Ndola)
-- 68.95
-- RC 76 Mac
-- 5
-- AVAILABLE
-- Feb 13, 2015
-- 902589
-- Medical Library Open Access Collection
995 ## -
-- MEDICAL LIBRARY OPEN ACCESS
-- 902586
-- CBU-SCHOOL OF MEDICINE LIBRARY (Ndola)
-- 68.95
-- RC 76 Mac
-- 2
-- AVAILABLE
-- Feb 13, 2015
-- 902586
-- Medical Library Open Access Collection
995 ## -
-- MEDICAL LIBRARY OPEN ACCESS
-- 902587
-- CBU-SCHOOL OF MEDICINE LIBRARY (Ndola)
-- 68.95
-- RC 76 Mac
-- 3
-- OUT
-- Feb 13, 2015
-- 902587
-- Medical Library Open Access Collection
995 ## -
-- MEDICAL LIBRARY OPEN ACCESS
-- 902585
-- CBU-SCHOOL OF MEDICINE LIBRARY (Ndola)
-- 68.95
-- RC 76 Mac
-- 1
-- OUT
-- Feb 13, 2015
-- 902585
-- Medical Library Open Access Collection
995 ## -
-- MICHAEL CHILUFYA SATA OPEN ACCESS
-- 902588
-- CBU-SCHOOL OF MEDICINE LIBRARY (Ndola)
-- 68.95
-- RC 76 Mac
-- 4
-- AVAILABLE
-- Feb 13, 2015
-- 902588
-- Medical Library Open Access Collection
999 ## -
-- 76966
-- 76966
Holdings
Withdrawn status Lost status Source of classification or shelving scheme Damaged status Not for loan Permanent Location Current Location Shelving location Date acquired Total Checkouts Full call number Barcode Date last seen Date last checked out Copy number Price effective from Koha item type Total Renewals
          CBU-SCHOOL OF MEDICINE LIBRARY, NDOLA. CBU-MICHAEL CHILUFYA SATA LIBRARY   04/25/2023 1 RC 76 Mac 903164 09/30/2024 09/28/2024 1 04/25/2023 MONOGRAPH  
          CBU-SCHOOL OF MEDICINE LIBRARY, NDOLA. CBU-SCHOOL OF MEDICINE LIBRARY, NDOLA.   04/25/2023 1 RC 76 Mac 902589 05/30/2024 05/16/2024 2 04/25/2023 MONOGRAPH  
          CBU-SCHOOL OF MEDICINE LIBRARY, NDOLA. CBU-SCHOOL OF MEDICINE LIBRARY, NDOLA.   04/25/2023 1 RC 76 Mac 902586 01/15/2025 07/04/2024 3 04/25/2023 MONOGRAPH 3
          CBU-SCHOOL OF MEDICINE LIBRARY, NDOLA. CBU-SCHOOL OF MEDICINE LIBRARY, NDOLA.   04/25/2023 3 RC 76 Mac 902587 04/01/2025 03/19/2025 4 04/25/2023 MONOGRAPH  
          CBU-SCHOOL OF MEDICINE LIBRARY, NDOLA. CBU-SCHOOL OF MEDICINE LIBRARY, NDOLA.   04/25/2023 7 RC 76 Mac 902585 04/07/2026 03/26/2026 5 04/25/2023 MONOGRAPH 2